El rey Arturo cabalga de nuevo, más o menos /
En el lejano país de Avalón, el rey Arturo ha cumplido ya los doscientos cincuenta años. Está mayor, y solo quiere descansar junto al fuego. Pero un día un geniecillo le propone un plan que le llevará muy muy lejos. ¿Qué aventuras y peligros aguardan al rey Arturo? Una estupenda novela de humor y av...
Guardado en:
| Autor Principal: | |
|---|---|
| Formato: | Libro |
| Idioma: | Undetermined |
| Publicado: |
Madrid :
SM,
2003.
|
| Series: | El barco de vapor ;
123 |
| Materias: | |
| Etiquetas: |
Agregar Etiqueta
Sin Etiquetas, Sea el primero en etiquetar este registro!
|
| LEADER | 01071nam a22002175a 4500 | ||
|---|---|---|---|
| 001 | CEM.cems019734 | ||
| 008 | 221012s2003####sp############000#0#und#d | ||
| 005 | 20221026110905.0 | ||
| 245 | 1 | 0 | |a El rey Arturo cabalga de nuevo, más o menos / |c Miguel Ángel Moleón Viana. |
| 260 | |a Madrid : |b SM, |c 2003. | ||
| 300 | |a 237 p. ; |c 20 cm. | ||
| 490 | 1 | |a El barco de vapor ; |v 123 | |
| 520 | |a En el lejano país de Avalón, el rey Arturo ha cumplido ya los doscientos cincuenta años. Está mayor, y solo quiere descansar junto al fuego. Pero un día un geniecillo le propone un plan que le llevará muy muy lejos. ¿Qué aventuras y peligros aguardan al rey Arturo? Una estupenda novela de humor y aventuras que destaca la importancia de la tranquilidad. | ||
| 020 | |a 8434870126 | ||
| 100 | 1 | |a Moleón Viana, Miguel Ángel. | |
| 082 | 0 | 4 | |a 863.4 |
| 653 | |a Literatura Infantil | ||
| 653 | |a Literatura Juvenil | ||
| 653 | |a Novela | ||
| 859 | |a CEMS |b BIB. CEMS - Inicial y Primaria |h 863.4 |i M732 |k IP |p 1951 |t Ej.1 | ||
| 859 | |a CEMS |b BIB. CEMS - Inicial y Primaria |h 863.4 |i M732 |k IP |p 1952 |t Ej.2 | ||
